Malvinas : crónicas de cinco siglos /

Guardado en:
Otros Autores: Winograd, Alejandro, introd., coment., selec., Pernetty, Dom.
Formato: Libro
Publicado: Buenos Aires : Winograd, 2012.
Materias:
Etiquetas: Agregar Etiqueta
Sin Etiquetas, Sea el primero en etiquetar este registro!
LEADER 00790nam a22002175a 4500
001 EHU.bham052877
008 260420s2012##################000#0#####d
005 20260420085230.0
245 1 0 |a Malvinas :  |b crónicas de cinco siglos /  |c introd., comentarios y selección de textos de Alejandro Winograd ; Dom Pernetty ... [et al.]. 
260 |a Buenos Aires :  |b Winograd,  |c 2012. 
300 |a 352 p. 
020 |a 9789872720018 
700 1 |a Winograd, Alejandro, introd., coment., selec. 
700 1 |a Pernetty, Dom. 
082 9 8 |a 982.06 M262 
651 7 |a Gran Bretaña  |x Historia 
653 |a Imperialismo 
653 |a Dictadura argentina-1976-1983 
653 |a Historia argentina-Islas Malvinas 
653 |a Malvinas-Guerra de 
859 |a AR-BHAM  |b BIB. HUMANIDADES - General  |h 982.06  |i M262  |p 138.26  |t Ej.1